Jak zavést týmovou organizaci

Výrobca príslušenstva motorových vozidiel TRW Repa s. s r.o. (nemecká firma) - hľadá nové organizačné formy, snaží sa získať stratenú organizačnú schopnosť. Od 80-tych rokov zavádza tímovú organizáciu. Zmena štýlu riadenia a podnikovej kultúry. Vzdelávanie vedúcich pracovníkov. Začlenenie všetkých s...

Ausführliche Beschreibung

Gespeichert in:
Bibliographische Detailangaben
Format: Buchkapitel
Sprache:Tschechisch
Schlagworte:
Tags: Tag hinzufügen
Keine Tags, Fügen Sie das erste Tag hinzu!

MARC

LEADER 00000naa a2200000 4500
001 r015546
005 20221213082427.6
041 0 |a cze 
044 |a CZ 
245 1 0 |a Jak zavést týmovou organizaci 
520 |a Výrobca príslušenstva motorových vozidiel TRW Repa s. s r.o. (nemecká firma) - hľadá nové organizačné formy, snaží sa získať stratenú organizačnú schopnosť. Od 80-tych rokov zavádza tímovú organizáciu. Zmena štýlu riadenia a podnikovej kultúry. Vzdelávanie vedúcich pracovníkov. Začlenenie všetkých spolupracovníkov do projektu. Tréning tímových vedúcich a poradcov pre zákazníkov. 
610 2 0 |a organizácia práce 
610 2 0 |a práca tímová 
610 2 0 |a riadenie podnikové 
610 2 0 |a kultúra podniková 
610 2 0 |a vzdelávanie 
610 2 0 |a poradcovia 
610 2 0 |a zákazníci 
610 2 0 |a komunikácia 
610 2 0 |a Nemecko